| 000 | 00429nam a2200181Ia 4500 | ||
|---|---|---|---|
| 003 | LK-CoDNM | ||
| 008 | 010623t1920 xxu||||| |||| 00| 1 eng d | ||
| 040 |
_aLK-CoDNM _dLK-CoDNM _eLK-CoDNM |
||
| 041 | _aeng | ||
| 080 |
_a50 _bF3 |
||
| 245 | _aThe Training College Magazine | ||
| 260 |
_b? _c1920 |
||
| 300 | _b98p,5ill., 20 cm | ||
| 650 | _aBotanical Excursion | ||
| 650 | _aEthu Gala | ||
| 650 | _aLeigh Smith | ||
| 942 | _cBK | ||
| 999 |
_c90121 _d90121 |
||